000 00560nam a2200169 a 4500
001 BRCA_2352
005 20190320203754.0
008 141008s1992----mx-a---###---#000-0#spa-#
050 4 _aTP919
_b.L56 1992
100 1 _aLinartas, Androna
_97051
245 1 0 _aCómo teñir lana con tintes naturales
_binstructivo básico
_cAndrona Linartas.
260 _aMéxico
_bFondo Nacional para la Cultura y las Artes
_c[1992]
300 _a22 p.
_bil.
_c17 cm.
650 1 4 _aTintes y teñido
_xFibras textiles
_97052
650 1 4 _aPintura de telas
_xLana
_97053
942 _2lcc
_cB
999 _c2093
_d2093